Better Get clicking Quiz Stats

Quiz not verified by Sporcle

Challenge
Share
Tweet
Embed
Score 0/100 Timer 00:30
0 Plays Today
% Correct
o
69.7%
o
69.7%
o
66.7%
o
66.7%
o
63.6%
o
63.6%
o
63.6%
o
63.6%
o
63.6%
o
63.6%
o
63.6%
o
63.6%
o
60.6%
o
60.6%
o
60.6%
o
60.6%
o
60.6%
o
60.6%
o
60.6%
o
60.6%
o
57.6%
o
57.6%
o
57.6%
o
57.6%
o
57.6%
o
57.6%
o
57.6%
o
57.6%
o
57.6%
o
57.6%
o
57.6%
o
57.6%
o
57.6%
o
57.6%
% Correct
o
57.6%
o
57.6%
o
57.6%
o
54.5%
o
54.5%
o
54.5%
o
54.5%
o
54.5%
o
54.5%
o
54.5%
o
54.5%
o
54.5%
o
54.5%
o
54.5%
o
54.5%
o
54.5%
o
54.5%
o
54.5%
o
54.5%
o
51.5%
o
51.5%
o
51.5%
o
51.5%
o
51.5%
o
51.5%
o
51.5%
o
51.5%
o
51.5%
o
51.5%
o
51.5%
o
51.5%
o
51.5%
o
51.5%
o
51.5%
% Correct
o
51.5%
o
48.5%
o
48.5%
o
48.5%
o
48.5%
o
48.5%
o
48.5%
o
48.5%
o
48.5%
o
48.5%
o
48.5%
o
48.5%
o
48.5%
o
48.5%
o
48.5%
o
48.5%
o
48.5%
o
45.5%
o
45.5%
o
45.5%
o
45.5%
o
45.5%
o
45.5%
o
45.5%
o
45.5%
o
42.4%
o
42.4%
o
42.4%
o
39.4%
o
39.4%
o
36.4%
o
33.3%

You're not logged in!

Compare scores with friends on all Sporcle quizzes.
Sign Up with Email
OR
Log In

You Might Also Like...

Show Comments

Extras

Top Quizzes Today


Score Distribution

Your Account Isn't Verified!

In order to create a playlist on Sporcle, you need to verify the email address you used during registration. Go to your Sporcle Settings to finish the process.